Geography Quiz

Random Geography or City Quiz
Score 0/223 Timer 20:00
0 Plays Today
State City % Correct
New YorkNew York
97%
New York (cont.)New York
97%
New York (cont.)New York
97%
New York (cont.)New York
97%
New York (cont.)New York
97%
New York (cont.)New York
97%
New York (cont.)New York
97%
New YorkNew York
97%
New YorkNew York
97%
New YorkNew York
97%
New YorkNew York
97%
New YorkNew York
97%
New YorkNew York
97%
MinnesotaMinneapolis
97%
MississippiJackson
96.6%
MississippiJackson
96.6%
NebraskaOmaha
96.6%
PennsylvaniaPhiladelphia
96.1%
PennsylvaniaPhiladelphia
96.1%
PennsylvaniaPhiladelphia
96.1%
MissouriKansas City
95.7%
MissouriKansas City
95.7%
MissouriKansas City
95.7%
MissouriSt. Louis
95.7%
OklahomaOklahoma City
95.7%
OklahomaOklahoma City
95.7%
OklahomaOklahoma City
95.7%
OregonPortland
95.7%
OregonPortland
95.7%
OregonPortland
95.7%
MinnesotaSt. Paul
95.3%
New York (cont..)Buffalo
95.3%
NebraskaLincoln
95.3%
Pennsylvania (cont.)Pittsburgh
95.3%
NevadaLas Vegas
94.8%
NevadaLas Vegas
94.8%
NevadaLas Vegas
94.8%
North CarolinaRaleigh
94.8%
North CarolinaRaleigh
94.8%
North CarolinaRaleigh
94.8%
Ohio (cont.)Columbus
94.8%
Ohio (cont.)Columbus
94.8%
OhioColumbus
94.8%
TexasDallas
94.8%
TexasDallas
94.8%
TexasDallas
94.8%
Texas (cont..)Dallas
94.8%
Texas (cont...)Dallas
94.8%
Texas (cont...)Dallas
94.8%
Texas (cont..)Dallas
94.8%
TennesseeNashville
94.8%
WashingtonSeattle
94%
New York (cont..)Rochester
94%
North Carolina (cont.)Charlotte
94%
North CarolinaCharlotte
94%
Ohio (cont.)Cleveland
94%
OhioCleveland
94%
TennesseeMemphis
94%
TennesseeMemphis
94%
TexasHouston
94%
TexasHouston
94%
TexasHouston
94%
TexasHouston
94%
TexasHouston
94%
Texas (cont.)Houston
94%
Texas (cont..)Houston
94%
Texas (cont...)Houston
94%
Texas (cont..)Houston
94%
UtahSalt Lake City
94%
UtahSalt Lake City
94%
MinnesotaRochester
94%
WashingtonSeattle
94%
OhioCincinnati
93.6%
OhioCincinnati
93.6%
South CarolinaCharleston
93.6%
State City % Correct
West VirginiaCharleston
93.6%
New York (cont.)Albany
93.1%
New JerseyNewark
92.7%
New JerseyNewark
92.7%
Rhode IslandProvidence
92.7%
Rhode IslandProvidence
92.7%
NevadaReno
92.3%
New MexicoAlbuquerque
91.4%
New MexicoAlbuquerque
91.4%
New MexicoAlbuquerque
91.4%
OklahomaTulsa
91.4%
WisconsinMadison
91.4%
VirginiaRichmond
91%
South CarolinaColumbia
90.6%
South CarolinaColumbia
90.6%
Texas (cont.)Austin
90.6%
Texas (cont..)Austin
90.6%
Texas (cont...)Austin
90.6%
Texas (cont.)El Paso
90.6%
WisconsinMilwaukee
90.6%
WisconsinMilwaukee
90.6%
New York (cont..)Syracuse
90.1%
Texas (cont..)San Antonio
90.1%
Texas (cont.)San Antonio
90.1%
Texas (cont..)San Antonio
90.1%
Texas (cont...)San Antonio
90.1%
Texas (cont..)San Antonio
90.1%
New JerseyToms River
89.3%
North DakotaFargo
88.8%
VirginiaVirginia Beach
88.8%
MontanaBillings
88%
VermontBurlington
87.6%
PennsylvaniaHarrisburg
87.1%
WyomingCheyenne
87.1%
WashingtonSpokane
86.3%
TexasFort Worth
85.8%
Texas (cont.)Fort Worth
85.8%
Texas (cont..)Fort Worth
85.8%
New HampshireManchester
85.8%
OhioToledo
85.8%
TennesseeKnoxville
85.4%
OhioDayton
85%
MinnesotaDuluth
85%
South DakotaSioux Falls
84.5%
New Jersey (cont.)Trenton
84.1%
North Carolina (cont.)Greensboro
84.1%
North CarolinaGreensboro
84.1%
Ohio (cont.)Akron
84.1%
OregonEugene
83.7%
Pennsylvania (cont.)Erie
82.8%
WisconsinGreen Bay
82.4%
VirginiaNorfolk
81.5%
WashingtonTacoma
81.5%
WashingtonTacoma
81.5%
TennesseeChattanooga
81.1%
PennsylvaniaScranton
80.7%
UtahProvo
80.7%
Texas (cont...)Corpus Christi
80.3%
Texas (cont..)Corpus Christi
80.3%
Texas (cont.)Lubbock
75.5%
VirginiaAlexandria
74.7%
PennsylvaniaAllentown
74.2%
Texas (cont.)Amarillo
73.4%
North CarolinaWinston-Salem
73.4%
North CarolinaGreenville
72.1%
North Carolina (cont.)Asheville
72.1%
North CarolinaAsheville
72.1%
South CarolinaGreenville
72.1%
MissouriSpringfield
71.7%
New JerseyCamden
70%
VirginiaCharlottesville
70%
MississippiGulfport
67.4%
New HampshireNashua
66.5%
VirginiaRoanoke
64.4%
New JerseyPaterson
63.9%
State City % Correct
North CarolinaWilmington
63.1%
New York (cont..)Utica
61.8%
UtahOgden
61.8%
WashingtonVancouver
61.8%
OregonBend
60.1%
Pennsylvania (cont.)Lancaster
59.7%
WisconsinEau Claire
59.7%
OhioCanton
59.2%
West VirginiaHuntington
59.2%
North CarolinaFayetteville
58.4%
PennsylvaniaReading
57.5%
WisconsinKenosha
56.7%
Texas (cont.)Midland
56.2%
VirginiaChesapeake
55.8%
New York (cont..)Ithaca
54.1%
TennesseeMurfreesboro
53.2%
WashingtonBellevue
52.8%
Texas (cont.)McAllen
52.4%
New JerseyEdison
51.9%
MinnesotaSt. Cloud
51.5%
Texas (cont.)Beaumont
51.1%
WashingtonYakima
50.6%
WisconsinAppleton
50.2%
MinnesotaBloomington
49.8%
TennesseeClarksville
49.4%
Pennsylvania (cont.)State College
48.1%
Pennsylvania (cont.)Altoona
47.6%
WashingtonEverett
47.6%
NebraskaGrand Island
46.4%
TexasTyler
45.5%
Pennsylvania (cont.)Indiana
44.6%
New York (cont.)Poughkeepsie
42.9%
TennesseeJohnson City
39.5%
MississippiSouthaven
39.1%
MissouriCape Girardeau
38.6%
VirginiaBlacksburg
38.6%
West VirginiaParkersburg
38.6%
New York (cont.)White Plains
38.2%
WashingtonKent
37.3%
New YorkHempstead
37.3%
PennsylvaniaBristol
35.2%
New York (cont..)Niagara Falls
33.5%
WisconsinWausau
33%
New York (cont..)Watertown
32.2%
South CarolinaFlorence
32.2%
New JerseyUnion
31.3%
MinnesotaEagan
30.5%
MinnesotaMoorhead
30.5%
Ohio (cont.)Parma
29.2%
South CarolinaRock Hill
28.8%
South CarolinaAnderson
28.3%
New Jersey (cont.)Wayne
27.9%
OhioElyria
27.5%
New JerseyVineland
27%
New JerseyLakewood
25.8%
MissouriO'Fallon
24.9%
MissouriO'Fallon
24.9%
OhioHamilton
24.9%
VirginiaFredericksburg
24%
VirginiaLeesburg
23.2%
PennsylvaniaNorristown
21.9%
OhioZanesville
21.5%
New JerseyHackensack
21%
PennsylvaniaLebanon
19.7%
OklahomaMuskogee
19.3%
New York (cont.)Kingston
18.9%
Pennsylvania (cont.)Aliquippa
15.5%
TennesseeHendersonville
15%
Pennsylvania (cont.)Greensburg
13.3%
Ohio (cont.)Cuyahoga Falls
12.9%
Virginia (cont.)Herndon
11.2%
New YorkMastic Beach
8.6%
New YorkLindenhurst
8.6%
Remove Ads.
Support Sporcle.
Get the best of Sporcle when you Go Orange. This ad-free experience offers more features, more stats, and more fun while also helping to support Sporcle. Thank you for becoming a member.

You're not logged in!

Compare scores with friends on all Sporcle quizzes.
OR
Log In

Show Comments

Extras

Top Quizzes Today


Score Distribution

Your Account Isn't Verified!

In order to create a playlist on Sporcle, you need to verify the email address you used during registration. Go to your Sporcle Settings to finish the process.

Report this User

Report this user for behavior that violates our Community Guidelines.

Details: